[Event "SVK-chT3A 0001"]
[Site "Slovakia"]
[Date "2000.??.??"]
[Round "4"]
[White "Pobjecky, Ivan"]
[Black "Janosko, Rastislav"]
[Result "1/2-1/2"]
[WhiteElo "2105"]
[BlackElo "2116"]
[PlyCount "39"]
[EventDate "2000.??.??"]
[EventType "team-tourn"]
[EventRounds "9"]
[EventCountry "SVK"]
[SourceTitle "EXT 2002"]
[Source "ChessBase"]
[SourceDate "2001.11.25"]
[SourceVersion "1"]
[SourceVersionDate "2001.11.25"]
[SourceQuality "1"]

1. e4 c5 2. Nf3 Nf6 3. Nc3 Nc6 4. d4 d5 5. exd5 Nxd5 6. Nxd5 Qxd5 7. c4 Qe4+ 8. Be3 cxd4 9. Nxd4 Nxd4 10. Qxd4 Qxd4 11. Bxd4 Bd7 12. Be2 Bc6 13. 0-0 e6 14. g3 h5 15. f4 h4 16. Bf3 hxg3 17. hxg3 Rc8 18. b3 Bxf3 19. Rxf3 Bc5 20. Rd1 1/2-1/2

[Event "SVK-chT2W 9900"]
[Site "Slovakia"]
[Date "1999.??.??"]
[Round "5.3"]
[White "Janosko, Rastislav"]
[Black "Janos, Jozef"]
[Result "0-1"]
[WhiteElo "2116"]
[BlackElo "2196"]
[PlyCount "68"]
[EventDate "1999.11.06"]
[EventType "team-tourn"]
[EventRounds "9"]
[EventCountry "SVK"]
[SourceTitle "EXT 2005"]
[Source "ChessBase"]
[SourceDate "2004.11.15"]
[SourceVersion "1"]
[SourceVersionDate "2004.11.15"]
[SourceQuality "1"]

1. e4 c5 2. Nf3 d6 3. d4 cxd4 4. Nxd4 Nf6 5. Nc3 e6 6. Be2 a6 7. 0-0 Be7 8. Be3 0-0 9. f4 Qc7 10. g4 Nc6 11. g5 Nd7 12. f5 Nde5 13. f6 Bd8 14. Bd3 b5 15. fxg7 Re8 16. Qh5 b4 17. Nce2 Ne7 18. Nf4 N7g6 19. Nxg6 fxg6 20. Rf8+ Rxf8 21. gxf8Q+ Kxf8 22. Rf1+ Kg8 23. Qe2 Be7 24. Qf2 Bd7 25. Qe2 Qa5 26. Bc4 Nxc4 27. Qxc4 Rc8 28. Qb3 Qe5 29. Qxb4 Qxe4 30. Qb3 Bxg5 31. Bxg5 Qxd4+ 32. Be3 Qg4+ 33. Kf2 Bb5 34. Rg1 Rf8+ 0-1

[Event "SVK-chT2A 9899"]
[Site "Slovakia"]
[Date "1998.11.14"]
[Round "3"]
[White "Janosko, Rastislav"]
[Black "Horcak, Viliam"]
[Result "1-0"]
[WhiteElo "2059"]
[BlackElo "2130"]
[PlyCount "69"]
[EventDate "1998.??.??"]
[EventType "team-tourn"]
[EventRounds "9"]
[EventCountry "SVK"]
[SourceTitle "EXT 2000"]
[Source "ChessBase"]
[SourceDate "1999.11.16"]
[SourceVersion "1"]
[SourceVersionDate "1999.11.16"]
[SourceQuality "1"]

1. e4 e5 2. Nf3 Nf6 3. Nxe5 d6 4. Nf3 Nxe4 5. d4 d5 6. Bd3 Be7 7. 0-0 Nc6 8. c4 Bf5 9. Nc3 Nb4 10. Bb1 c6 11. a3 Na6 12. Re1 Nxc3 13. bxc3 Be6 14. Qb3 Qc8 15. c5 0-0 16. Bf4 Re8 17. Bd3 Nc7 18. Rab1 Rb8 19. Qc2 g6 20. Rxe6 Nxe6 21. Bxb8 Qxb8 22. Qb2 Nd8 23. Ba6 b6 24. a4 Qf4 25. cxb6 axb6 26. Qxb6 Bf6 27. Bf1 g5 28. a5 g4 29. Ne5 Bxe5 30. dxe5 Qxe5 31. a6 Ne6 32. Qxc6 Nf4 33. a7 Re7 34. a8Q+ Kg7 35. Qcc8 1-0

[Event "SVK-chT2A 9899"]
[Site "Slovakia"]
[Date "1998.10.18"]
[Round "2"]
[White "Janosko, Rastislav"]
[Black "Cvicela, Anton"]
[Result "0-1"]
[WhiteElo "2059"]
[BlackElo "2175"]
[PlyCount "52"]
[EventDate "1998.??.??"]
[EventType "team-tourn"]
[EventRounds "9"]
[EventCountry "SVK"]
[SourceTitle "EXT 2000"]
[Source "ChessBase"]
[SourceDate "1999.11.16"]
[SourceVersion "1"]
[SourceVersionDate "1999.11.16"]
[SourceQuality "1"]

1. e4 c5 2. Nf3 Nf6 3. e5 Nd5 4. Nc3 e6 5. Nxd5 exd5 6. d4 Nc6 7. dxc5 Bxc5 8. Qxd5 Qb6 9. Bc4 Bxf2+ 10. Ke2 0-0 11. Rf1 Bc5 12. Ng5 Nd4+ 13. Kd1 Ne6 14. Qe4 Nxg5 15. Bxg5 d5 16. Bxd5 Be6 17. c4 Qxb2 18. Rb1 Bg4+ 19. Qxg4 Qxb1+ 20. Ke2 Qb2+ 21. Kd3 Qxe5 22. Rf5 Qe1 23. Bxf7+ Rxf7 24. Rxf7 Qb1+ 25. Ke2 Qc2+ 26. Kf1 Qd3+ 0-1